MARC details
| 000 -LEADER |
| fixed length control field |
03301nam a2200313 i 4500 |
| 003 - CONTROL NUMBER IDENTIFIER |
| control field |
CSPC |
| 005 - DATE AND TIME OF LATEST TRANSACTION |
| control field |
20260311133318.0 |
| 008 - FIXED-LENGTH DATA ELEMENTS--GENERAL INFORMATION |
| fixed length control field |
260311s2025 ph a b 000 0 eng d |
| 040 ## - CATALOGING SOURCE |
| Original cataloging agency |
CSPC |
| Language of cataloging |
eng |
| Transcribing agency |
CSPC |
| Description conventions |
rda |
| 090 ## - LOCALLY ASSIGNED LC-TYPE CALL NUMBER (OCLC); LOCAL CALL NUMBER (RLIN) |
| Classification number (OCLC) (R) ; Classification number, CALL (RLIN) (NR) |
UTH BSOA M794l 2025 |
| 100 1# - MAIN ENTRY--PERSONAL NAME |
| Personal name |
Morante, Jellha A., |
| Relator term |
author. |
| 245 10 - TITLE STATEMENT |
| Title |
Leadership styles as predictors of team productivity among uniformed personnel in the municipality of Buhi / |
| Statement of responsibility, etc. |
Jellha A. Morandarte, Ronalyn A. Odiada, and Julius E. Sabinorio. |
| 260 ## - PUBLICATION, DISTRIBUTION, ETC. |
| Place of publication, distribution, etc. |
Buhi, Camarines Sur : |
| Name of publisher, distributor, etc. |
Camarines Sur Polytechnic Colleges, |
| Date of publication, distribution, etc. |
2025. |
| 300 ## - PHYSICAL DESCRIPTION |
| Extent |
139 leaves. |
| 336 ## - CONTENT TYPE |
| Source |
rdacontent |
| Content type term |
text |
| 337 ## - MEDIA TYPE |
| Source |
rdamedia |
| Media type term |
unmediated |
| 338 ## - CARRIER TYPE |
| Source |
rdacarrier |
| Carrier type term |
volume |
| 502 ## - DISSERTATION NOTE |
| Dissertation note |
Undergraduate Thesis (BSOA)- Office Administration. |
| Name of granting institution |
Camarines Sur Polytechnic Colleges, 2025. |
| 504 ## - BIBLIOGRAPHY, ETC. NOTE |
| Bibliography, etc. note |
Includes bibliographical references. |
| 520 0# - SUMMARY, ETC. |
| Summary, etc. |
The study aims to analyze the leadership style of the uniformed personnel in the municipality of Buhi, and how it predicts team productivity. Thirty-six (36) Philippine National Police and eighteen (18) Bureau of Fire Protection officers from the Municipality of Buhi, were purposively selected to serve as the respondents. The Descriptive-Correlational Method was used to attain the objectives. The instrument used in this study was research-made survey questionnaire for data collection and was interpreted using a weighted mean, percentage, 4-point likert scale, ranking, and Pearson's Product Moment Correlation Coefficient. The findings revealed that the Uniformed Personnel both from Philippine National Police and Bureau of Fire Protection fully implementing the leadership styles (e.g. Transformational, Transactional, Laissez-faire Leadership Styles). Furthermore, they perform their duties as public service agencies extremely productive. However, the Philippine National Police and Bureau of Fire Protection were lacking the use of laissez-faire leadership style. Moreover, the leadership styles demonstrated by the uniformed personnel significantly correlated to team productivity. The researcher's proposed an action plan to enhance and develop the team productivity of the uniformed personnel entitled 'Husay Serbisyo'. The recommendations include; the personnel may engage in refresher courses and advanced leadership seminars, the Philippine National Police and Bureau of Fire Protection may sustain the use of transfo0rmational and transactional leadership styles while also improving other aspect like laissez-faire. The personnel may regularly assess their leadership styles to ensure its effectiveness and if it significantly correlates with the team productivity and met the evolving needs of the personnel. The action plan designed by the researchers in this study may be considered and adopted by the superior or commanding officer to ensure that they maintain higher team productivity. |
| 700 1# - ADDED ENTRY--PERSONAL NAME |
| Personal name |
Odiada, Ronalyn A., |
| Relator term |
author. |
| 700 1# - ADDED ENTRY--PERSONAL NAME |
| Personal name |
Sabinorio, Julius E., |
| Relator term |
author. |
| 720 1# - ADDED ENTRY--UNCONTROLLED NAME |
| Name |
Luzon, April Z., |
| Relator term |
adviser. |
| 720 1# - ADDED ENTRY--UNCONTROLLED NAME |
| Name |
Luzon, NiƱo Jeffrey L., |
| Relator term |
panelist, chair. |
| 720 1# - ADDED ENTRY--UNCONTROLLED NAME |
| Name |
Oliveros, Josefin N., |
| Relator term |
panelist. |
| 720 1# - ADDED ENTRY--UNCONTROLLED NAME |
| Name |
Verona, Lea Katrine S., |
| Relator term |
panelist. |
| 942 ## - ADDED ENTRY ELEMENTS (KOHA) |
| Source of classification or shelving scheme |
Dewey Decimal Classification |
| Suppress in OPAC |
No |
| Koha item type |
Unpublished Materials |
| Classification part |
M794l |
| Call number prefix |
UTH |
| Call number suffix |
2025 |